=LDR 00000nam 2200000 4500 =001 INLIS000000000002011 =005 20130612090401 =008 ***********************************Ind** =035 ##$$0010-061300000002011 =041 ##$$a Ind =082 ##$$a 615.882 =090 ##$$a 615.882, Put t =100 ##$$a Putra,Segatri =245 ##$$a Tani premana, khasiat tanam-tanaman untuk obat tradisional, Segatri Putra =260 ##$$a 1977 $b Dempasar =300 ##$$a 29 hlm, 21 cm =650 ##$$a Obat Tradisional =850 ##$$a NBPNMAT